00538ntaaa2200157 45000030003000000050017000030080021000200400037000410820017000781000020000952450026001152500010001412600058001513000010002095000161002190120251027202244.00714s1973 ag 01  aAR-BaBNbspacAR-BaBNeaacrdRIC a268.4000 W27 aWashburn, A.V.  aEm busca dos perdidos a1 ed. aRío de Janeiro : bCasa Publicadora Batista, c1965 a159 p aBuscando a los perdidos a través de la obra de la escuela dominical en la iglesia. Publicado originalmente en inglés y la biblioteca posee dicha obra.